[Event "4th Memorial Warakomska-B 2020"]
[Site "Suwalki"]
[Date "2020.08.08"]
[Round "3.3"]
[White "Wolagiewicz, Kinga"]
[Black "Widelski, Kacper"]
[Result "1-0"]
[WhiteElo "1719"]
[BlackElo "1879"]
[Annotator "NA"]
[PlyCount "93"]
[EventDate "2020.08.06"]
[EventType "swiss"]
[EventCountry "POL"]
[SourceTitle "playchess.com"]
[Source "ChessBase"]
[SourceQuality "1"]
[TimeControl "40/5400+30:1800+30"]

{[%evp 8,86,33,5,53,0,10,8,9,10,17,7,13,8,18,0,25,18,43,0,0,0,4,14,32,39,55,48,49,55,70,75,76,49,62,39,67,0,0,0,0,0,0,0,0,0,226,223,210,243,215,174,250,257,248,276,280,283,292,299,372,357,32767,504,464,610,32767,32767,687,32767,1013,1098,32767,1085,1787,1529,12833,29970,32767,32767,29989]} 1. e4 {[%emt 0:00:00]} c5 {[%emt 0:06:13]} 2. Nf3 {[%emt 0:00:00]} g6 {[%emt 0:00:56]} 3. d4 {[%emt 0:00:00]} cxd4 {[%emt 0:00:06]} 4. Nxd4 {[%emt 0:00:03]} Bg7 {[%emt 0:00:05]} 5. Nc3 {[%emt 0:00:19]} Nc6 {[%emt 0:00:08]} 6. Nb3 {[%emt 0:00:14]} Nf6 {[%emt 0:00:50]} 7. Be2 {[%emt 0:00:55]} O-O {[%emt 0:00:40]} 8. O-O {[%emt 0:00:34]} d6 {[%emt 0:02:27]} 9. Bg5 {[%emt 0:01:49]} a5 {[%emt 0:05:13]} 10. a4 {[%emt 0:03:28]} Be6 {[%emt 0:03:53]} 11. Kh1 {[%emt 0:02:27]} Rc8 {[%emt 0:10:29]} 12. f4 {[%emt 0:05:22]} Nb4 {[%emt 0:03:36]} 13. Nd2 {[%emt 0:18:21] B70: Sicilian Dragon: 6 g3 and 6 Be2 (without a later Be3).} Rc5 {[%emt 0:11:51] [#]} 14. Bd3 $146 {[%emt 0:07:59]} ({Predecessor:} 14. Bh4 Qc8 15. Ra3 Ng4 16. Rf3 Rh5 17. Bg3 d5 18. exd5 Nxd5 19. Nde4 Nde3 20. Qc1 Nf5 {½-½ (44) Demidov,M (2498)-Vorobiov,E (2590) Moscow 2014}) 14... Nxd3 {[%emt 0:18:19]} 15. cxd3 {[%emt 0:00:07]} Ng4 {[%emt 0:01:10] [#]} 16. f5 $1 {[%emt 0:11:38]} gxf5 {[%emt 0:01:36]} 17. h3 {[%emt 0:00:44]} Nf6 {[%emt 0:14:01]} 18. Be3 {[%emt 0:07:57]} Rc8 {[%emt 0:01:11]} 19. exf5 {[%emt 0:00:51]} Bd5 {[%emt 0:01:34]} 20. Nde4 {[%emt 0:06:46]} Bc6 {[%emt 0:05:32]} 21. Bd4 {[%emt 0:06:57]} Kh8 {[%emt 0:02:50]} 22. Rf4 {[%emt 0:08:18]} ({White should try} 22. Nxf6 $16 Bxf6 23. Bxf6+ exf6 24. d4) 22... e5 {[%emt 0:02:11]} 23. fxe6 $1 {[%emt 0:00:08]} fxe6 {[%emt 0:00:25]} 24. Bxf6 {[%emt 0:02:42]} Bxf6 {[%emt 0:00:17]} 25. Qh5 {[%emt 0:02:01]} Bxc3 {[%emt 0:02:32] [#]} 26. Ng5 $1 {[%emt 0:06:31]} Qxg5 $2 {[%emt 0:01:39] [#]} (26... Qd7 $11 27. Nf7+ Kg8 28. Nh6+ Kh8 29. Nf7+ Kg8 30. Nh6+ Kh8 31. Nf7+) 27. Rxf8+ $1 {[%emt 0:01:26]} ({And not} 27. Qxg5 Rg8 $11) 27... Rxf8 {[%emt 0:00:07]} 28. Qxg5 {[%emt 0:00:04]} Rg8 {[%emt 0:00:17]} 29. Qxg8+ $1 {[%emt 0:00:23]} Kxg8 {[%emt 0:00:00]} 30. bxc3 {[%emt 0:00:07]} Kf7 {[%emt 0:00:50]} 31. Kg1 {[%emt 0:01:12]} Kf6 {[%emt 0:00:15]} 32. Kf2 {[%emt 0:00:35]} Ke5 {[%emt 0:00:11]} 33. g3 {[%emt 0:00:24]} Kd5 {[%emt 0:00:27]} 34. Ke3 {[%emt 0:01:26]} Kc5 {[%emt 0:00:14]} 35. g4 {[%emt 0:00:46]} e5 {[%emt 0:00:47]} 36. g5 {[%emt 0:03:00]} Kd5 {[%emt 0:02:53]} 37. h4 {[%emt 0:01:39]} Ke6 {[%emt 0:00:08]} 38. Rf1 {[%emt 0:00:42]} Bxa4 {[%emt 0:00:12]} 39. Rf6+ {[%emt 0:00:16]} Ke7 {[%emt 0:00:05]} 40. Rh6 {[%emt 0:00:00]} Bc6 {[%emt 0:00:00]} 41. Rxh7+ {[%emt 0:03:00]} Kf8 {[%emt 0:01:29]} 42. h5 {[%emt 0:04:48]} Kg8 {[%emt 0:01:18]} 43. g6 {[%emt 0:00:40]} a4 {[%emt 0:00:40]} 44. h6 {[%emt 0:00:56]} a3 {[%emt 0:00:41]} 45. Rg7+ {[%emt 0:00:49]} Kf8 {[%emt 0:00:42]} 46. Rf7+ {[%emt 0:00:40]} Kg8 {[%emt 0:00:33]} 47. h7+ {[%emt 0:00:51]} 1-0

[Event "4th Memorial Warakomska-B 2020"]
[Site "Suwalki"]
[Date "2020.08.08"]
[Round "3.4"]
[White "Kitewski, Bartosz"]
[Black "Wierzbicki, Michal"]
[Result "1-0"]
[WhiteElo "1718"]
[BlackElo "1849"]
[Annotator "NA RC"]
[PlyCount "169"]
[EventDate "2020.08.06"]
[EventType "swiss"]
[EventCountry "POL"]
[SourceTitle "playchess.com"]
[Source "ChessBase"]
[SourceQuality "1"]
[TimeControl "40/5400+30:1800+30"]

{[%evp 8,168,10,8,14,0,18,16,29,28,33,32,40,10,6,4,29,6,0,1,0,-6,-12,-42,-14,-30,0,0,0,-27,-21,-14,0,-10,15,0,12,0,0,0,0,-8,7,9,32,18,32767,32767,32767,32767,32767,32767,32767,2,38,56,102,93,90,32767,32767,95,32767,32767,84,91,108,54,69,36,40,0,41,25,62,47,42,10,32767,32767,80,0,0,32767,10,22,34,39,40,0,18,32767,32767,22,32767,32767,32767,32767,32767,32767,38,40,32767,31,40,47,35,29,37,36,36,26,52,36,62,87,108,75,284,296,253,382,503,828,546,844,660,677,862,1129,912,983,1131,1331,1168,5072,1535,12837,4133,2403,5122,12837,1546,4339,12839,5072,3610,12802,12832,29960,29987,29985,29990,12849,32767,29992,29992,12849,29993,29994,12850,12850,29992]} 1. d4 {[%emt 0:00:00]} Nf6 {[%emt 0:00:00]} 2. c4 {[%emt 0:00:00]} e6 {[%emt 0:00:00]} 3. Nc3 {[%emt 0:00:07]} Bb4 {[%emt 0:01:02]} 4. Nf3 {[%emt 0:02:19]} b6 {[%emt 0:04:01]} 5. e3 {[%emt 0:03:36]} Bb7 {[%emt 0:02:58]} 6. Bd3 {[%emt 0:00:37]} Bxc3+ {[%emt 0:06:37]} 7. bxc3 {[%emt 0:00:17]} d6 {[%emt 0:00:08]} 8. O-O {[%emt 0:00:40]} Nbd7 {[%emt 0:00:12] E43: Nimzo-Indian: Rubinstein: 4...b6.} 9. Re1 {[%emt 0:03:57]} Ne4 {[%emt 0:07:55]} 10. Qc2 {[%emt 0:03:20]} f5 {[%emt 0:04:17]} 11. Nd2 {[%emt 0:04:29]} Ndf6 {[%emt 0:08:05]} 12. f3 {[%emt 0:04:41] [#]} Nxd2 $146 {[%emt 0:00:29]} ({Predecessor:} 12... Ng5 13. Qa4+ Nd7 14. e4 O-O 15. Nf1 f4 16. h4 Nxf3+ 17. gxf3 Qxh4 18. Re2 Bc8 {0-1 (39) Altinok,K (1844)-Tum,H (1816) Canakkale 2015}) 13. Bxd2 {[%emt 0:00:43]} O-O {[%emt 0:01:18]} 14. c5 {[%emt 0:18:19]} dxc5 {[%emt 0:09:44]} 15. dxc5 {[%emt 0:01:35]} bxc5 {[%emt 0:01:02]} 16. Bc1 {[%emt 0:03:21]} Qe7 {[%emt 0:19:48]} 17. Ba3 {[%emt 0:01:36]} Rfd8 {[%emt 0:02:28]} 18. Rab1 {[%emt 0:02:21]} Bc6 {[%emt 0:03:21]} 19. Bb5 {[%emt 0:07:50]} Bxb5 {[%emt 0:13:48]} 20. Rxb5 {[%emt 0:00:15]} Qd7 {[%emt 0:01:00]} 21. Rxc5 {[%emt 0:15:18]} Rab8 {[%emt 0:06:44]} 22. Re2 {[%emt 0:14:15]} h5 {[%emt 0:03:31]} 23. Bb4 {[%emt 0:02:20]} Rb7 {[%emt 0:02:27]} 24. Rc4 {[%emt 0:03:32]} Qd1+ {[%emt 0:00:19]} 25. Kf2 {[%emt 0:01:37]} Qxc2 {[%emt 0:00:43]} 26. Rxc2 {[%emt 0:00:05]} Kf7 {[%emt 0:00:10]} 27. Ke2 {[%emt 0:02:18]} Rd5 {[%emt 0:00:51]} 28. Rc6 {[%emt 0:02:24]} Rd7 {[%emt 0:00:31]} 29. a3 {[%emt 0:00:15]} Rb6 {[%emt 0:00:23]} 30. Rc5 {[%emt 0:01:03]} Ne8 {[%emt 0:00:30]} 31. Rd2 {[%emt 0:00:33]} Rbd6 {[%emt 0:00:37]} 32. Rd4 {[%emt 0:00:41]} Rxd4 {[%emt 0:00:30]} 33. cxd4 {[%emt 0:00:14]} Rd5 {[%emt 0:00:29]} 34. Rc6 {[%emt 0:00:44]} Rb5 {[%emt 0:00:30]} 35. Kd3 {[%emt 0:00:06]} Rb6 {[%emt 0:00:15]} 36. Rc5 {[%emt 0:00:37]} Rb7 {[%emt 0:00:22]} 37. Kc3 {[%emt 0:00:42]} Nd6 {[%emt 0:00:40]} 38. Kb3 {[%emt 0:00:28]} Ke8 {[%emt 0:00:43]} 39. Kc3 {[%emt 0:01:17]} Kd7 {[%emt 0:00:25]} 40. Kd3 {[%emt 0:00:00]} Rb5 {[%emt 0:00:00]} 41. Rxb5 {[%emt 0:02:58]} Nxb5 {[%emt 0:01:39]} 42. Kc4 {[%emt 0:00:45]} Kc6 {[%emt 0:01:01]} 43. Bc5 {[%emt 0:02:57]} a6 {[%emt 0:04:23] [#]} (43... Nd6+ $11 44. Kd3 a6) 44. Kb4 {[%emt 0:02:13]} (44. h4 $1 $16) 44... Nd6 {[%emt 0:05:10]} 45. a4 {[%emt 0:03:45]} g6 {[%emt 0:15:06]} 46. h4 {[%emt 0:02:29]} Nb7 {[%emt 0:05:10]} 47. Kc4 {[%emt 0:03:04]} Na5+ {[%emt 0:01:03]} 48. Kb4 {[%emt 0:03:30]} Nb7 {[%emt 0:00:33]} 49. e4 {[%emt 0:03:26]} fxe4 {[%emt 0:01:26]} 50. fxe4 {[%emt 0:00:04]} Kd7 {[%emt 0:00:05]} 51. Bf8 {[%emt 0:02:28]} Kc6 {[%emt 0:00:23]} 52. Bc5 {[%emt 0:00:42]} Kd7 {[%emt 0:00:31]} 53. Kc4 {[%emt 0:00:09]} Na5+ {[%emt 0:00:07]} 54. Kc3 {[%emt 0:00:12]} Nb7 {[%emt 0:00:51]} 55. Bb4 {[%emt 0:00:16]} Kc6 {[%emt 0:00:37]} 56. Kc4 {[%emt 0:01:08]} Nd6+ {[%emt 0:00:29]} 57. Kd3 {[%emt 0:01:23]} (57. Bxd6 $5 cxd6 58. Kc3 $11) 57... Nf7 {[%emt 0:00:31]} 58. Ke3 {[%emt 0:03:34]} Kd7 {[%emt 0:00:17]} 59. Kf4 {[%emt 0:00:32]} c6 {[%emt 0:00:43]} 60. Ke3 {[%emt 0:00:49]} Kc7 {[%emt 0:00:20]} 61. Kd3 {[%emt 0:00:33]} Kb6 {[%emt 0:00:39]} 62. Kc4 {[%emt 0:00:35]} Nd8 $2 {[%emt 0:00:28]} (62... g5 $16) 63. d5 {[%emt 0:02:26]} cxd5+ {[%emt 0:00:30]} 64. exd5 {[%emt 0:00:33]} Kb7 {[%emt 0:00:32]} 65. Be7 {[%emt 0:00:48]} exd5+ {[%emt 0:00:08]} 66. Kxd5 {[%emt 0:00:04]} Nc6 {[%emt 0:00:07]} 67. Bc5 {[%emt 0:00:07]} Na5 {[%emt 0:01:16]} 68. Ke6 {[%emt 0:00:14]} Kc6 {[%emt 0:00:24]} 69. Bf2 {[%emt 0:00:28]} Nc4 {[%emt 0:00:30]} 70. Kf6 {[%emt 0:00:14]} Nd6 {[%emt 0:00:36]} 71. Kxg6 {[%emt 0:00:17]} Ne4 {[%emt 0:00:09]} 72. Be1 {[%emt 0:00:16]} Kd5 {[%emt 0:00:08]} 73. Kxh5 {[%emt 0:00:12]} Ke6 {[%emt 0:00:12]} 74. g4 {[%emt 0:00:36]} Nf6+ {[%emt 0:00:25]} 75. Kg5 {[%emt 0:00:05]} Kf7 {[%emt 0:00:07]} 76. h5 {[%emt 0:00:11]} Nh7+ {[%emt 0:00:09]} 77. Kf5 {[%emt 0:00:13]} Nf6 {[%emt 0:00:07]} 78. h6 {[%emt 0:00:23]} Nh7 {[%emt 0:00:22]} 79. g5 {[%emt 0:00:19]} Kg8 {[%emt 0:00:03]} 80. Bb4 {[%emt 0:00:08]} Kh8 {[%emt 0:00:35]} 81. g6 {[%emt 0:00:11]} a5 {[%emt 0:00:34]} 82. Bc5 {[%emt 0:00:14]} Kg8 {[%emt 0:00:14]} 83. gxh7+ {[%emt 0:00:06]} Kh8 {[%emt 0:00:11]} 84. Bd4+ {[%emt 0:00:11]} Kxh7 {[%emt 0:00:03]} 85. Kg5 {[%emt 0:00:05]} 1-0

[Event "4th Memorial Warakomska-B 2020"]
[Site "Suwalki"]
[Date "2020.08.08"]
[Round "3.5"]
[White "Kaminski, Maciej"]
[Black "Kotarski, Bartosz"]
[Result "1-0"]
[WhiteElo "1869"]
[BlackElo "1742"]
[Annotator "NA RC"]
[PlyCount "87"]
[EventDate "2020.08.06"]
[EventType "swiss"]
[EventCountry "POL"]
[SourceTitle "playchess.com"]
[Source "ChessBase"]
[SourceQuality "1"]
[TimeControl "40/5400+30:1800+30"]

{[%evp 12,81,45,17,38,7,0,-20,11,19,24,5,16,2,37,54,64,61,73,61,78,44,68,51,142,142,220,175,180,157,292,316,959,381,345,436,481,486,488,491,576,544,523,586,32767,32767,32767,702,32767,577,550,573,598,32767,748,404,633,659,1487,1422,29988,32767,29989,840,32767,32767,29990,29991,29990,29992,29993,29994]} 1. d4 {[%emt 0:00:00]} Nf6 {[%emt 0:00:00]} 2. c4 {[%emt 0:00:00]} g6 {[%emt 0:00:00]} 3. Nc3 {[%emt 0:00:00]} d5 {[%emt 0:00:01]} 4. cxd5 {[%emt 0:00:00]} Nxd5 {[%emt 0:00:05]} 5. e4 {[%emt 0:00:00]} Nxc3 {[%emt 0:00:05]} 6. bxc3 {[%emt 0:00:02]} Bg7 {[%emt 0:00:06]} 7. Nf3 {[%emt 0:00:05]} c5 {[%emt 0:00:05]} 8. Rb1 {[%emt 0:00:06]} O-O {[%emt 0:06:05]} 9. Be2 {[%emt 0:00:35]} Nc6 {[%emt 0:00:46]} 10. d5 {[%emt 0:00:13]} Ne5 {[%emt 0:06:07]} 11. Nxe5 {[%emt 0:00:11]} Bxe5 {[%emt 0:00:01]} 12. Qd2 {[%emt 0:00:12]} Qa5 {[%emt 0:12:52]} 13. Rb3 {[%emt 0:07:07]} Bd7 {[%emt 0:14:01]} 14. f4 {[%emt 0:08:59]} Bg7 {[%emt 0:03:06]} 15. c4 {[%emt 0:15:08] D85: Exchange Grünfeld: Unusual White 7th moves and lines with 7 Nf3.} Qc7 {[%emt 0:03:32]} 16. Bb2 {[%emt 0:04:36]} Bxb2 {[%emt 0:10:02]} 17. Rxb2 {[%emt 0:00:29] [#]} f5 $146 {[%emt 0:00:06]} (17... Rab8 $14) ({Predecessor:} 17... a6 18. O-O b5 19. cxb5 c4 20. b6 Qc5+ 21. Kh1 Bb5 22. Qc3 Rfb8 23. a4 Rxb6 24. axb5 axb5 {1-0 (41) Medina Ocampo,A (1949)-Arboleda Orozco,J (2087) Medellin 2018}) 18. e5 {[%emt 0:00:39]} Rfd8 {[%emt 0:01:37]} (18... Rab8 $16 19. O-O Bc8) 19. Bf3 {[%emt 0:21:32]} Rab8 {[%emt 0:01:46]} 20. O-O {[%emt 0:07:12]} b5 {[%emt 0:22:20]} (20... Be8 {was called for.} 21. Qc3 b5 22. cxb5 c4) 21. d6 {[%emt 0:10:09]} exd6 $2 {[%emt 0:00:01]} (21... Qc8 22. dxe7 Re8 23. cxb5 c4) 22. Bd5+ {[%emt 0:00:35]} (22. exd6 $142 Qc8 23. Re1) 22... Be6 {[%emt 0:10:31]} 23. Bxe6+ {[%emt 0:00:43]} Kf8 {[%emt 0:00:01]} 24. exd6 {[%emt 0:07:01]} Rxd6 {[%emt 0:00:09]} 25. Bd5 {[%emt 0:00:08]} b4 {[%emt 0:02:05]} 26. Re1 {[%emt 0:02:31]} Rdd8 {[%emt 0:01:16]} 27. Qf2 {[%emt 0:01:43]} Re8 {[%emt 0:01:10]} 28. Rbe2 {[%emt 0:01:04]} a5 {[%emt 0:02:14]} 29. Qh4 {[%emt 0:01:27]} Qg7 {[%emt 0:00:46]} 30. Re5 {[%emt 0:05:17]} a4 {[%emt 0:01:28]} 31. Qf2 {[%emt 0:01:06]} Rxe5 {[%emt 0:00:38]} 32. fxe5 {[%emt 0:00:47]} Qe7 {[%emt 0:00:14]} 33. e6 {[%emt 0:01:33]} b3 {[%emt 0:01:00]} 34. Qf4 {[%emt 0:01:35]} Rb6 {[%emt 0:00:18]} 35. axb3 {[%emt 0:00:48]} axb3 {[%emt 0:00:11]} 36. Qe5 {[%emt 0:00:41]} Kg8 {[%emt 0:01:53]} 37. Qc7 {[%emt 0:01:24]} (37. Ra1 $142 Rb8 38. Qxb8+ {[%mdl 64] Double Attack} Kg7 {[#]} 39. Ra7 $1 {[%mdl 512]} Qxa7 40. Qxa7+ Kh6 41. Qxc5 Kg7 42. Qe7+ Kh6 43. Qf8+ Kg5 44. g3 h5 45. h4+ Kg4 46. Kg2 g5 47. Bf3#) 37... Qxc7 {[%emt 0:00:58]} 38. e7+ {[%emt 0:00:03]} Kh8 {[%emt 0:00:19]} 39. e8=Q+ {[%emt 0:00:24]} Kg7 {[%emt 0:00:04]} 40. Re7+ {[%emt 0:00:00]} Kh6 {[%emt 0:00:00]} 41. Rxc7 {[%emt 0:03:57]} b2 {[%emt 0:01:26]} 42. Qe3+ {[%emt 0:00:49]} f4 {[%emt 0:01:21]} 43. Qxf4+ {[%emt 0:00:55]} g5 {[%emt 0:00:36]} 44. Qf8+ {[%emt 0:01:05]} 1-0

[Event "4th Memorial Warakomska-B 2020"]
[Site "Suwalki"]
[Date "2020.08.08"]
[Round "3.6"]
[White "Stefaniuk, Zbigniew"]
[Black "Zalega, Maciej"]
[Result "0-1"]
[WhiteElo "1538"]
[BlackElo "1743"]
[Annotator "NA RC"]
[PlyCount "90"]
[EventDate "2020.08.06"]
[EventType "swiss"]
[EventCountry "POL"]
[SourceTitle "playchess.com"]
[Source "ChessBase"]
[SourceQuality "1"]
[TimeControl "40/5400+30:1800+30"]

1. e4 {[%emt 0:00:00]} c5 {[%emt 0:00:00]} 2. Nf3 {[%emt 0:00:00]} d6 {[%emt 0:00:00]} 3. d4 {[%emt 0:00:05]} cxd4 {[%emt 0:00:00]} 4. Qxd4 {[%emt 0:00:09]} Nc6 {[%emt 0:03:16]} 5. Bb5 {[%emt 0:00:53]} Bd7 {[%emt 0:02:23]} 6. Qd3 {[%emt 0:01:49]} Rc8 {[%emt 0:05:15]} 7. Nc3 {[%emt 0:01:54]} Nb4 {[%emt 0:03:59]} 8. Bxd7+ {[%emt 0:01:46]} Qxd7 {[%emt 0:00:08]} 9. Qe2 {[%emt 0:01:12]} g6 {[%emt 0:05:05]} 10. a3 {[%emt 0:02:38]} Nc6 {[%emt 0:00:56]} 11. O-O {[%emt 0:02:50]} Bg7 {[%emt 0:03:12]} 12. Rd1 {[%emt 0:04:07]} Ne5 {[%emt 0:10:19]} 13. Nxe5 {[%emt 0:04:09]} Bxe5 {[%emt 0:00:06]} 14. f4 {[%emt 0:00:34]} Bxc3 {[%emt 0:01:10]} 15. bxc3 {[%emt 0:00:26]} Qc6 {[%emt 0:02:47]} 16. Rb1 {[%emt 0:05:57]} Nf6 {[%emt 0:04:40]} 17. e5 {[%emt 0:05:24]} dxe5 {[%emt 0:02:14]} 18. Qxe5 {[%emt 0:02:39]} O-O {[%emt 0:02:16]} 19. f5 {[%emt 0:06:36]} b6 {[%emt 0:05:00]} 20. Bh6 {[%emt 0:03:43]} Rfe8 {[%emt 0:03:10]} 21. Rd3 {[%emt 0:03:33]} Qc5+ {[%emt 0:06:08]} 22. Qxc5 {[%emt 0:00:37]} Rxc5 {[%emt 0:00:03]} 23. fxg6 {[%emt 0:01:58]} fxg6 {[%emt 0:01:04]} 24. Rbd1 {[%emt 0:02:52]} Kf7 {[%emt 0:04:12]} 25. Be3 {[%emt 0:02:05]} Ra5 {[%emt 0:01:19]} 26. Rf1 {[%emt 0:06:27]} Rf5 {[%emt 0:05:25]} 27. Rxf5 {[%emt 0:01:48]} gxf5 {[%emt 0:00:05]} 28. Kf1 {[%emt 0:07:41]} e5 {[%emt 0:00:49]} 29. a4 {[%emt 0:05:38]} Ke6 {[%emt 0:03:11]} 30. Bc1 {[%emt 0:03:06]} Rc8 {[%emt 0:01:09]} 31. Rh3 {[%emt 0:04:03]} f4 {[%emt 0:05:31]} 32. Ke1 {[%emt 0:11:51]} a5 {[%emt 0:01:11]} 33. c4 {[%emt 0:03:16]} Rxc4 {[%emt 0:00:56]} 34. Rb3 {[%emt 0:00:58]} Nd5 {[%emt 0:00:32]} 35. Rh3 {[%emt 0:00:49]} Rxc2 {[%emt 0:00:48]} 36. Ba3 {[%emt 0:01:28]} Rxg2 {[%emt 0:00:35]} 37. Rxh7 {[%emt 0:00:57]} Ne3 {[%emt 0:01:01]} 38. Rh6+ {[%emt 0:00:29]} Kf5 {[%emt 0:00:53]} 39. Rxb6 {[%emt 0:00:49]} f3 {[%emt 0:00:11]} 40. Rb2 {[%emt 0:00:00]} Nc2+ {[%emt 0:00:00]} 41. Kf1 {[%emt 0:03:06]} Nxa3 {[%emt 0:01:35]} 42. Rb3 {[%emt 0:01:33]} e4 {[%emt 0:01:56]} 43. Rxa3 {[%emt 0:00:41]} Rxh2 {[%emt 0:00:38]} 44. Rb3 {[%emt 0:00:49]} Kf4 {[%emt 0:00:45]} 45. Rb5 {[%emt 0:02:12]} Rh1+ {[%emt 0:00:33]} 0-1

[Event "4th Memorial Warakomska-B 2020"]
[Site "Suwalki"]
[Date "2020.08.08"]
[Round "3.7"]
[White "Kiolbasa, Damian"]
[Black "Wasik, Jozef"]
[Result "1-0"]
[WhiteElo "1973"]
[BlackElo "1646"]
[Annotator "TA"]
[PlyCount "77"]
[EventDate "2020.08.06"]
[EventType "swiss"]
[EventCountry "POL"]
[SourceTitle "playchess.com"]
[Source "ChessBase"]
[SourceQuality "1"]

{[%evp 9,77,-7,52,-4,1,-12,-10,-37,-7,0,-20,-20,-16,-17,-16,-20,-29,-21,-14,-94,-90,-89,-68,-105,-101,-108,-54,-27,-49,-75,-46,-45,-42,-40,-32,-169,13,21,96,90,168,156,164,166,167,97,97,97,102,95,160,150,135,59,99,101,122,55,94,49,379,374,29989,29990,29991,29992,29992,6732,29993,29993]} 1. e4 c5 2. Nc3 e6 3. d4 cxd4 4. Qxd4 Nc6 5. Qd3 d6 {[#]} (5... Nf6 $11) 6. f4 $146 {B23: Closed Sicilian: Lines without g3.} (6. Bf4 $14) ({Predecessor:} 6. b3 Nf6 7. Bb2 Be7 8. O-O-O O-O 9. f4 a6 10. Nf3 Qa5 11. Kb1 d5 12. exd5 {0-1 (21) Babaev,T (2290)-Gulden,E (2120) Ankara 2019}) 6... Nf6 $11 7. Be2 Be7 8. Be3 {The position is equal.} a6 9. Bf3 Qc7 10. Nge2 b5 11. Nd4 Nxd4 12. Bxd4 {e5 is the strong threat.} e5 13. Be3 Be6 14. f5 (14. Qd2 $11 {keeps the balance.}) 14... Bc4 $17 15. Qd2 Rc8 16. Rc1 O-O 17. b3 b4 (17... d5 $1 $17 {[%cal Rd5d4] aiming for ...d4.} 18. bxc4 (18. exd5 Bb4 $17) 18... Bb4) 18. Na4 $15 Bb5 19. Nb6 Rb8 20. c4 bxc3 $1 21. Rxc3 Qb7 22. Qc2 (22. Nd5 $15 Nxd5 23. Qxd5) 22... d5 $2 (22... Bd8 $1 $19 {[%cal Rd8b6]} 23. Nc4 d5) 23. Rc7 $36 {[%mdl 2048] Black is under pressure.} Bb4+ (23... Bd3 $1 $11 24. Rxb7 Bb4+ 25. Kf2 Bxc2 26. Rxb8 Rxb8 27. Nxd5 Nxe4+ 28. Bxe4 Bxe4) 24. Kf2 $16 d4 (24... Bd3 $16 25. Qc1 Bd2 26. Rxb7 Bxc1 27. Rxb8 Bxe3+ 28. Kxe3 Rxb8) 25. Rxb7 $18 dxe3+ 26. Kxe3 Rxb7 27. Nc4 (27. Nd5 $1 $18 {[%cal Rd5b4]} Nxd5+ 28. exd5) 27... Bc5+ $16 28. Ke2 a5 29. Rd1 Rc7 {[#]} ({Black should try} 29... a4) 30. a4 $1 {[%cal Ra4b5]} Ba6 {[#]} 31. Kf1 ({Better is} 31. Qc3 $1 $16) 31... Rfc8 32. Be2 Bd4 33. Qd2 ({White should play} 33. h3 $16) 33... Nxe4 34. Qxa5 {[%mdl 64] Double Attack} Bb7 $2 {[%mdl 8192]} (34... Ra7 $1 $14 35. Rxd4 exd4) 35. Nxe5 $18 Bc3 $2 {[#]} (35... Rc5 $18 36. Qb4 Bxe5) 36. Qxc7 $1 {[%mdl 576] Double Attack} Nd2+ {[#]} (36... Rxc7 37. Rd8#) 37. Rxd2 $1 Bxd2 38. Qxb7 (38. Qxf7+ $142 Kh8 39. Bc4 Bd5 40. Bxd5 h5 41. Qxh5+ Bh6 42. Nf7+ {[%mdl 64] Double Attack} Kh7 43. Qg6+ Kg8 44. Ng5+ Kh8 45. Qh7#) 38... Rc1+ 39. Kf2 {Accuracy: White = 56%, Black = 46%.} 1-0